Spices Vol.I : major spices (Record no. 13796)
[ view plain ]
| 000 -LEADER | |
|---|---|
| fixed length control field | 00402nam a22001577a 4500 |
| 020 ## - INTERNATIONAL STANDARD BOOK NUMBER | |
| ISBN | 8170194466 |
| 020 ## - INTERNATIONAL STANDARD BOOK NUMBER | |
| ISBN | 1555283047 |
| 082 ## - DEWEY DECIMAL CLASSIFICATION NUMBER | |
| Classification number | 633.8 |
| Item number | PAR/SP |
| 245 ## - TITLE STATEMENT | |
| Title | Spices Vol.I : major spices |
| 260 ## - PUBLICATION, DISTRIBUTION, ETC. (IMPRINT) | |
| Place of publication | New Delhi |
| Name of publisher | Today and Tomorrow's printers and publishers |
| Year of publication | 2008 |
| 300 ## - PHYSICAL DESCRIPTION | |
| Number of Pages | 780 p |
| 700 ## - ADDED ENTRY--PERSONAL NAME | |
| Personal name | Parthasarathy, V.P |
| 700 ## - ADDED ENTRY--PERSONAL NAME | |
| Personal name | Bhat, A.I |
| 700 ## - ADDED ENTRY--PERSONAL NAME | |
| Personal name | Parthasarathy, Utpala |
| 942 ## - ADDED ENTRY ELEMENTS (KOHA) | |
| Koha item type | Reference |
| Withdrawn status | Lost status | Damaged status | Collection code | Home library | Current library | Shelving location | Date acquired | Source of acquisition | Cost, normal purchase price | Full call number | Accession Number | Koha item type |
|---|---|---|---|---|---|---|---|---|---|---|---|---|
| Reference | KAUAET | KAUAET | Reference | 31/03/2012 | Penta Book Distributors, Calicut | 2995.00 | 633.8 PAR/SP | 22628 | Reference |
